| 000 | 00440cam a2200145 4500500 | ||
|---|---|---|---|
| 005 | 20260322014312.0 | ||
| 041 | _afre | ||
| 042 | _adc | ||
| 100 | 1 | 0 |
_aHouzet, Dominique _eauthor |
| 245 | 0 | 0 | _aMicroprocessors |
| 260 | _c2026. | ||
| 500 | _a8 | ||
| 786 | 0 | _nElectronics | - | 2026-03-05 | p. 7-7 | |
| 856 | 4 | 1 | _uhttps://stm.cairn.info/digital-circuit-architecture-and-testing--bdti42276210-e3560-page-7?lang=en&redirect-ssocas=7080 |
| 999 |
_c1787987 _d1787987 |
||